| 000 | 00682nam a22002417a 4500 | ||
|---|---|---|---|
| 003 | DO-SdBNP | ||
| 005 | 20180219150716.0 | ||
| 008 | 151118b 1981 sp xxu||||| |||| 00| 0 spa d | ||
| 020 | _a8403461038 | ||
| 040 |
_bBPMSU _cspa _6BPMSU |
||
| 092 |
_axxxxx _bxxxxx |
||
| 100 | 1 | _aFotuna, Elena | |
| 245 | 1 | 0 |
_aCuchifritín en casa de su abuelo / _cElena Fortún ; ilustraciones de Serny. |
| 250 | _a11a. ed. | ||
| 260 |
_aMadrid : _bAguilar, _c1981 |
||
| 300 |
_a220 p. _bil. ; _c17 cm. |
||
| 490 | 1 |
_aCelia y su mundo _v8 |
|
| 830 | 0 |
_aCelia y su mundo ; _n8 |
|
| 910 | _a00260 | ||
| 942 |
_2ddc _cBK |
||
| 945 | _aInventariado, 2018 / BT | ||
| 956 |
_aLorenza Pérez _b10 |
||
| 999 |
_c8770 _d8770 |
||